| 000 | 00370nam a2200145Ia 4500 | ||
|---|---|---|---|
| 008 | 230312s9999||||xx |||||||||||||| ||und|| | ||
| 020 | _a1292015683 | ||
| 082 |
_a621.382 _bPRO-F |
||
| 100 | _aStraubhaar | ||
| 245 | 0 | _aUnderstanding media culture and technology | |
| 260 |
_bPearson _aUSA _c2014 |
||
| 300 | _a923 | ||
| 650 |
_aComputer _vTelecommunication |
||
| 942 | _cBK | ||
| 999 |
_c17895 _d17895 |
||